Využitie centrálnych limitných viet pri vlastnom posúdení rizika a solventnosti

Význam centrálnych limitných viet v kontexte s prácou s pravdepodobnostnými rozdeleniami, ako základným nástrojom stochastického prístupu riadenia rizika v poisťovni.

Saved in:
Bibliographic Details
Main Author: Páleš, Michal, 1984-
Format: Book Chapter
Language:Slovak
Subjects:
Tags: Add Tag
No Tags, Be the first to tag this record!

MARC

LEADER 00000nla a2200000 4500
001 0191858
005 20240502073223.8
041 0 |a slo 
044 |a SK 
245 1 0 |a Využitie centrálnych limitných viet pri vlastnom posúdení rizika a solventnosti  |c Michal Páleš 
520 |a Význam centrálnych limitných viet v kontexte s prácou s pravdepodobnostnými rozdeleniami, ako základným nástrojom stochastického prístupu riadenia rizika v poisťovni. 
610 2 0 |a poisťovníctvo 
610 2 0 |a trh poistný 
610 2 0 |a riziko poistné 
610 2 0 |a rozdelenie pravdepodobnosti 
610 2 0 |a matematika poistná 
610 2 0 |a metódy aktuárske 
100 1 |a Páleš, Michal, 1984-